[Event "RUS-ch Blitz Men 2018"]
[Site "Sochi"]
[Date "2018.10.07"]
[Round "4"]
[White "Sharafiev, Azat"]
[Black "Bocharov, Dmitry"]
[Result "0-1"]
[WhiteElo "2432"]
[BlackElo "2557"]
[Annotator "ChessBase"]
[PlyCount "80"]
[EventDate "2018.10.07"]
[EventType "swiss"]
[EventCountry "RUS"]
[SourceTitle "playchess.com"]
[Source "ChessBase"]
[SourceQuality "1"]

1. Nf3 c5 2. g3 Nc6 3. Bg2 g6 4. O-O Bg7 5. c3 e5 6. d3 Nge7 7. e4 O-O 8. a3 d6 9. Nbd2 h6 10. b4 Be6 11. Bb2 Qd7 12. Re1 Rac8 13. d4 exd4 14. cxd4 cxb4 15. axb4 Nxb4 16. d5 Bxb2 17. dxe6 Qxe6 18. Rxa7 Nd3 19. Rf1 Nc5 20. Qe2 Nc6 21. Raa1 Bxa1 22. Rxa1 Ra8 23. Rd1 Ra2 24. Qe3 Ne5 25. Qxh6 Qf6 26. Nxe5 dxe5 27. Qe3 Rd8 28. Qxc5 Raxd2 29. Rxd2 Rxd2 30. h4 b6 31. Qe3 Qd6 32. Bf1 Rd4 33. h5 gxh5 34. Qg5+ Qg6 35. Qxe5 Rxe4 36. Qb8+ Kg7 37. Qc7 h4 38. Qc3+ Qf6 39. Qd3 Qd4 40. Qb3 hxg3 0-1

[Event "RUS-ch Blitz Men 2018"]
[Site "Sochi"]
[Date "2018.10.07"]
[Round "4"]
[White "Tsoi, Dmitry"]
[Black "Esipenko, Andrey"]
[Result "1/2-1/2"]
[WhiteElo "2429"]
[BlackElo "2609"]
[Annotator "ChessBase"]
[PlyCount "119"]
[EventDate "2018.10.07"]
[EventType "swiss"]
[EventCountry "RUS"]
[SourceTitle "playchess.com"]
[Source "ChessBase"]
[SourceQuality "1"]

1. c4 Nf6 2. Nf3 e6 3. g3 d5 4. b3 Be7 5. Bb2 O-O 6. Bg2 b6 7. O-O Bb7 8. e3 c5 9. cxd5 Nxd5 10. d4 Nc6 11. Nc3 Ncb4 12. Nxd5 Nxd5 13. dxc5 Bxc5 14. Nd4 Qe7 15. Qe2 Rfd8 16. Rfd1 Rac8 17. Rac1 Ba3 18. Nb5 Bxb2 19. Qxb2 a6 20. Nd4 Nb4 21. Bxb7 Qxb7 22. Rxc8 Rxc8 23. Qd2 Nd5 24. Rc1 h6 25. e4 Rxc1+ 26. Qxc1 Nb4 27. Qd2 a5 28. f3 Qd7 29. Qf2 Nxa2 30. Nxe6 Qd1+ 31. Kg2 Qxb3 32. Nd4 Qc3 33. Nb5 Qc5 34. Qxc5 bxc5 35. Kf2 Kf8 36. Ke3 Nb4 37. Kd2 Ke7 38. Kc3 g5 39. Kc4 Nc2 40. Kxc5 Ne1 41. Nd4 Kf6 42. Kd6 Nd3 43. Kd5 a4 44. Kc4 Ne1 45. f4 gxf4 46. gxf4 Ng2 47. e5+ Ke7 48. Ne2 Ne3+ 49. Kb4 Ke6 50. Kxa4 Kf5 51. Kb5 Nd5 52. Kc6 Nxf4 53. Nxf4 Kxf4 54. Kd6 h5 55. e6 fxe6 56. Kxe6 h4 57. Kd5 Kf3 58. Kd4 h3 59. Kd3 Kg2 60. Ke2 1/2-1/2

[Event "RUS-ch Blitz Men 2018"]
[Site "Sochi"]
[Date "2018.10.07"]
[Round "4"]
[White "Lugovskoy, Maxim"]
[Black "Bocharov, Ivan"]
[Result "0-1"]
[WhiteElo "2428"]
[BlackElo "2563"]
[Annotator "ChessBase"]
[PlyCount "131"]
[EventDate "2018.10.07"]
[EventType "swiss"]
[EventCountry "RUS"]
[SourceTitle "playchess.com"]
[Source "ChessBase"]
[SourceQuality "1"]

1. d4 d5 2. Nc3 Nf6 3. Bf4 a6 4. e3 Bf5 5. f3 e6 6. g4 Bg6 7. h4 h6 8. h5 Bh7 9. Bd3 Bxd3 10. cxd3 c5 11. dxc5 Bxc5 12. d4 Bd6 13. Nge2 Nc6 14. Kf2 O-O 15. g5 hxg5 16. Bxd6 Qxd6 17. Qg1 g4 18. fxg4 e5 19. g5 Ne4+ 20. Nxe4 dxe4 21. Qg3 f5 22. dxe5 Nxe5 23. Kg2 Qd2 24. Rhe1 Nd3 25. Rad1 Qxb2 26. h6 Rac8 27. Rb1 Nxe1+ 28. Qxe1 Qxa2 29. Rxb7 Rf7 30. Rb6 f4 31. Kh3 f3 32. g6 Rfc7 33. Ng3 Qg2+ 34. Kg4 f2 35. Qa1 Qf3+ 36. Kh3 f1=Q+ 37. Qxf1 Qxf1+ 38. Nxf1 gxh6 39. Rxa6 Rc6 40. Ra4 Re8 41. Ng3 Rxg6 42. Nxe4 Rge6 43. Ng3 Rxe3 44. Kg4 R3e5 45. Ra6 R8e6 46. Ra7 Re7 47. Ra6 Rg7+ 48. Kf4 Reg5 49. Ne4 R5g6 50. Ra8+ Kh7 51. Rf8 Rg1 52. Ke3 Re7 53. Rf4 Kg6 54. Rf6+ Kg7 55. Rf4 h5 56. Rh4 Kg6 57. Rf4 Rg4 58. Rxg4+ hxg4 59. Kf4 Rxe4+ 60. Kxe4 Kg5 61. Ke3 Kh4 62. Kf2 Kh3 63. Kg1 Kg3 64. Kh1 Kf2 65. Kh2 g3+ 66. Kh1 0-1

[Event "RUS-ch Blitz Men 2018"]
[Site "Sochi"]
[Date "2018.10.07"]
[Round "4"]
[White "Gochelashvili, David"]
[Black "Vastrukhin, Oleg"]
[Result "0-1"]
[WhiteElo "2419"]
[BlackElo "2413"]
[Annotator "NA"]
[PlyCount "81"]
[EventDate "2018.10.07"]
[EventType "swiss"]
[EventCountry "RUS"]
[SourceTitle "playchess.com"]
[Source "ChessBase"]
[SourceQuality "1"]

1. b3 d5 2. Bb2 Nf6 3. g3 Nc6 4. d4 Bf5 5. Bg2 Qd7 6. Nf3 Bh3 7. O-O h5 8. Ne5 Qe6 9. Bxh3 Qxh3 10. f3 e6 11. Rf2 Nxe5 12. dxe5 Nd7 13. e3 Qf5 14. Qd3 g6 15. Nd2 Nc5 16. Qd4 Nd7 17. e4 Qg5 18. f4 Qg4 19. b4 h4 20. exd5 hxg3 21. hxg3 exd5 22. Rg2 O-O-O 23. e6 fxe6 24. Qxh8 Bc5+ 25. bxc5 Rxh8 26. Bxh8 Nxc5 27. Re1 b6 28. Bd4 Nb7 29. Kf2 Nd6 30. Be5 Nf7 31. Rh2 g5 32. Nf3 Kb7 33. Rc1 gxf4 34. gxf4 Nxe5 35. fxe5 Qc4 36. a3 Qc5+ 37. Kg2 Qxa3 38. Re1 Qc3 39. Re2 a5 40. Ng5 d4 41. Kf2 0-1

[Event "RUS-ch Blitz Men 2018"]
[Site "Sochi"]
[Date "2018.10.07"]
[Round "4"]
[White "Truskavetsky, Alexandr"]
[Black "Gabrielian, Artur"]
[Result "0-1"]
[WhiteElo "2393"]
[BlackElo "2499"]
[Annotator "ChessBase"]
[PlyCount "80"]
[EventDate "2018.10.07"]
[EventType "swiss"]
[EventCountry "RUS"]
[SourceTitle "playchess.com"]
[Source "ChessBase"]
[SourceQuality "1"]

1. d4 Nf6 2. c4 c5 3. d5 e6 4. Nc3 exd5 5. cxd5 d6 6. Nf3 g6 7. g3 Bg7 8. Bg2 O-O 9. O-O Re8 10. Bf4 Na6 11. h3 Nc7 12. a4 b6 13. g4 Ne4 14. Nxe4 Rxe4 15. Bg5 Qe8 16. Nd2 Rb4 17. b3 Ba6 18. Re1 Qe5 19. Bh4 Qxa1 20. Qxa1 Bxa1 21. Rxa1 Bxe2 22. Ne4 Ne8 23. Be7 Rxb3 24. Re1 Bf3 25. Nd2 Bxg2 26. Nxb3 Bxd5 27. Nc1 f6 28. g5 fxg5 29. Bxg5 Bf7 30. Nd3 Ng7 31. Re7 Nf5 32. Rc7 h6 33. Bf6 g5 34. f4 gxf4 35. Nxf4 a6 36. Rb7 b5 37. axb5 axb5 38. Rxb5 Rc8 39. Ne2 Bc4 40. Rb2 Bxe2 0-1

[Event "RUS-ch Blitz Men 2018"]
[Site "Sochi"]
[Date "2018.10.07"]
[Round "4"]
[White "Gogolev, Artem"]
[Black "Pridorozhni, Aleksei"]
[Result "1-0"]
[WhiteElo "2389"]
[BlackElo "2574"]
[Annotator "TA"]
[PlyCount "193"]
[EventDate "2018.10.07"]
[EventType "swiss"]
[EventCountry "RUS"]
[SourceTitle "playchess.com"]
[Source "ChessBase"]
[SourceQuality "1"]

1. Nf3 d5 2. e3 c6 3. c4 Nf6 4. b3 Bg4 5. Bb2 e6 6. h3 Bh5 7. Be2 Nbd7 8. Ne5 Bxe2 9. Qxe2 Nxe5 10. Bxe5 Bd6 11. Bxd6 Qxd6 12. d4 O-O 13. O-O e5 14. dxe5 Qxe5 15. Nd2 Rfe8 16. cxd5 Nxd5 17. Nc4 Qg5 18. Qf3 Re6 19. e4 Nf4 20. Rad1 h5 21. Rd7 b5 22. Ne3 Rf6 23. Rfd1 a5 24. Nf5 g6 25. h4 Ne2+ 26. Qxe2 Qf4 27. Qe3 Qxe3 28. Nxe3 Kg7 29. a4 Rb8 30. R7d6 bxa4 31. bxa4 Rb4 32. Rxf6 Kxf6 33. Rd6+ Ke5 34. Rxc6 Rxa4 35. Rc7 Rxe4 36. Re7+ Kd4 37. Nc2+ Kd3 38. Ne1+ Kd4 39. Nf3+ Kd5 40. Rxf7 a4 41. Ra7 Kc5 42. g3 Kb4 43. Ra6 a3 44. Nd2 Re2 45. Nf3 a2 46. Kg2 Kc3 47. Ne5 Kb2 48. Nxg6 Re6 49. Rxe6 a1=Q 50. Nf4 Qa8+ 51. Kg1 Qa1+ 52. Kg2 Qa8+ 53. Kf1 Qf3 54. Re3 Qd1+ 55. Kg2 Qd6 56. Kh2 Qf8 57. Kg2 Qa8+ 58. Kh2 Qa5 59. Ng2 Kc2 60. Nf4 Qf5 61. Kg2 Qa5 62. Ne2 Qa8+ 63. Kg1 Kd2 64. Nf4 Qa1+ 65. Kg2 Qa8+ 66. Kh2 Qa5 67. Nh3 Qf5 68. Kg2 Qd5+ 69. Kh2 Qf5 70. Nf4 Qa5 71. Re2+ Kd1 72. Re3 Kd2 73. Nd3 Qd5 74. Nf4 Qa5 75. Ng2 Qf5 76. Nf4 Qa5 77. Kg2 Qa8+ 78. Kh2 Qa5 79. Kg2 Qa8+ 80. Kh2 Qa5 81. Re2+ Kd1 82. Kg2 Qa8+ 83. Kg1 Qa5 84. Re6 Kd2 85. Kg2 Qa8+ 86. Kg1 Qa1+ 87. Kg2 Qa8+ 88. Kh2 Qa5 89. Re2+ Kd1 90. Re3 Kd2 91. Nxh5 Qxh5 92. Re4 Qh7 93. Rf4 Ke2 94. Kh3 Qd7+ 95. g4 Qd3+ 96. Kg2 Qd2 97. Rf5 1-0

[Event "RUS-ch Blitz Men 2018"]
[Site "Sochi"]
[Date "2018.10.07"]
[Round "4"]
[White "Stambulian, Arsen"]
[Black "Romanov, Evgeny"]
[Result "0-1"]
[WhiteElo "2339"]
[BlackElo "2614"]
[Annotator "TA"]
[PlyCount "58"]
[EventDate "2018.10.07"]
[EventType "swiss"]
[EventCountry "RUS"]
[SourceTitle "playchess.com"]
[Source "ChessBase"]
[SourceQuality "1"]

1. e4 c5 2. Nf3 a6 3. c3 d5 4. exd5 Qxd5 5. d4 e6 6. Be2 Nf6 7. O-O Be7 8. dxc5 Qxc5 9. Be3 Qc7 10. Nbd2 O-O 11. Nc4 Nbd7 12. Qc1 Nd5 13. a4 b6 14. Re1 Bb7 15. Bg5 Bxg5 16. Qxg5 Nf4 17. Bf1 Bxf3 18. gxf3 f6 19. Qg3 e5 20. Rad1 Nc5 21. a5 bxa5 22. Ne3 Rfd8 23. Bc4+ Kh8 24. Nd5 Nxd5 25. Bxd5 Rab8 26. Rd2 Ne6 27. Red1 Nf4 28. Qg4 h5 29. Qg3 Rxd5 0-1

[Event "RUS-ch Blitz Men 2018"]
[Site "Sochi"]
[Date "2018.10.07"]
[Round "4"]
[White "Smirnov, Timofey"]
[Black "Triapishko, Alexandr"]
[Result "1/2-1/2"]
[WhiteElo "2332"]
[BlackElo "2508"]
[Annotator "TA"]
[PlyCount "146"]
[EventDate "2018.10.07"]
[EventType "swiss"]
[EventCountry "RUS"]
[SourceTitle "playchess.com"]
[Source "ChessBase"]
[SourceQuality "1"]

1. e4 c6 2. d4 d5 3. Nc3 dxe4 4. Nxe4 Bf5 5. Ng3 Bg6 6. Bc4 e6 7. N1e2 Nd7 8. Nf4 Nb6 9. Bb3 Bd6 10. c3 Nf6 11. h4 Bxf4 12. Bxf4 Nfd5 13. Bg5 f6 14. Bd2 O-O 15. O-O Qd7 16. Re1 Rae8 17. Qg4 Bd3 18. Qf3 Bg6 19. Rad1 Kh8 20. c4 Ne7 21. h5 Bf5 22. Bb4 Rg8 23. Bxe7 Rxe7 24. Nxf5 exf5 25. Rxe7 Qxe7 26. c5 Nd5 27. Bxd5 cxd5 28. Qxd5 g6 29. hxg6 hxg6 30. Qf3 Rd8 31. b4 a5 32. a3 axb4 33. axb4 Kg7 34. d5 Qe5 35. d6 Rd7 36. Qe3 f4 37. Qxe5 fxe5 38. f3 Kf6 39. Kf2 Ke6 40. Ke2 Rh7 41. Kd3 Rh2 42. Kc4 Kd7 43. Kd5 Rxg2 44. Kxe5 Rb2 45. Rd4 g5 46. Kf5 Rb3 47. Kxg5 Rxf3 48. Rxf4 Rg3+ 49. Kh4 Rb3 50. Rf7+ Kc8 51. Rf4 Kd7 52. Kg5 Rg3+ 53. Kf5 Re3 54. Re4 Rd3 55. Re7+ Kc8 56. Rc7+ Kb8 57. Ke4 Rb3 58. Kd5 Rxb4 59. Rh7 Kc8 60. Rh8+ Kd7 61. Rh7+ Kc8 62. Rh8+ Kd7 63. Rh7+ Kd8 64. Rg7 Rb1 65. Rg8+ Kd7 66. Rg7+ Kd8 67. Rg4 Kd7 68. Re4 Rd1+ 69. Rd4 Rb1 70. Ra4 Rd1+ 71. Kc4 Kc6 72. Ra3 b5+ 73. cxb6 Kxb6 1/2-1/2

[Event "RUS-ch Blitz Men 2018"]
[Site "Sochi"]
[Date "2018.10.07"]
[Round "4"]
[White "Inozemtsev, Sergei"]
[Black "Dzhumagaliev, Yan"]
[Result "1/2-1/2"]
[WhiteElo "2310"]
[BlackElo "2410"]
[Annotator "NA"]
[PlyCount "161"]
[EventDate "2018.10.07"]
[EventType "swiss"]
[EventCountry "RUS"]
[SourceTitle "playchess.com"]
[Source "ChessBase"]
[SourceQuality "1"]

1. e4 c5 2. Nf3 Nc6 3. Bb5 e6 4. Bxc6 bxc6 5. O-O Qc7 6. Re1 Ne7 7. Na3 e5 8. c3 Ng6 9. Nc2 c4 10. Ne3 Ba6 11. b3 cxb3 12. axb3 Bb7 13. d4 d6 14. Nf5 f6 15. Ba3 Rd8 16. Bb4 Qb8 17. Re2 Bc8 18. Rea2 Rd7 19. Ra3 c5 20. Ba5 cxd4 21. cxd4 Rb7 22. d5 Ne7 23. Ne3 Bd7 24. Nd2 Nc8 25. Ndc4 Be7 26. Qh5+ g6 27. Qh6 Bf8 28. Qh4 Be7 29. Qh6 Bf8 30. Qh4 Bg7 31. Be1 Rxb3 32. R3a2 O-O 33. h3 f5 34. exf5 gxf5 35. Na5 Rb1 36. Nc6 Qb5 37. Nxa7 Nxa7 38. Rxa7 Rxa1 39. Rxa1 f4 40. Ng4 Bxg4 41. Qxg4 Qxd5 42. Rd1 Qc5 43. Qe6+ Kh8 44. Qxd6 Qc2 45. Qd3 Qxd3 46. Rxd3 e4 47. Rd1 Re8 48. Kf1 Kg8 49. Ke2 Kf7 50. Rd7+ Kg6 51. Rc7 Ra8 52. Rc6+ Kf5 53. Rc5+ Ke6 54. Rc7 Rg8 55. g3 fxg3 56. fxg3 h5 57. Ke3 Be5 58. Rh7 Bxg3 59. Bxg3 Rxg3+ 60. Kxe4 Rxh3 61. Rh6+ Kf7 62. Kf5 Kg7 63. Ra6 Rg3 64. Kf4 Rg4+ 65. Kf5 Rg1 66. Ra7+ Kg8 67. Ra8+ Kf7 68. Ra7+ Kg8 69. Ra8+ Kf7 70. Ra7+ Kg8 71. Ra8+ Kg7 72. Ra7+ Kh6 73. Ra6+ Kh7 74. Ra7+ Kg8 75. Ra8+ Kf7 76. Rh8 Rh1 77. Kg5 Rg1+ 78. Kh4 Rh1+ 79. Kg5 Kg7 80. Rxh5 Rxh5+ 81. Kxh5 1/2-1/2

[Event "RUS-ch Blitz Men 2018"]
[Site "Sochi"]
[Date "2018.10.07"]
[Round "4"]
[White "Alexeev, Alexey"]
[Black "Riazantsev, Alexander"]
[Result "0-1"]
[WhiteElo "2287"]
[BlackElo "2649"]
[Annotator "TA"]
[PlyCount "66"]
[EventDate "2018.10.07"]
[EventType "swiss"]
[EventCountry "RUS"]
[SourceTitle "playchess.com"]
[Source "ChessBase"]
[SourceQuality "1"]

1. e4 c6 2. d4 d5 3. e5 Bf5 4. Nf3 e6 5. Be2 Ne7 6. O-O Bg6 7. Nbd2 c5 8. c4 Nbc6 9. Nb3 cxd4 10. Nbxd4 dxc4 11. Bxc4 a6 12. Bg5 Qd7 13. Qd2 h6 14. Bf4 Be4 15. Rfd1 Bd5 16. Rac1 Nxd4 17. Nxd4 Bxc4 18. Rxc4 Nd5 19. Bg3 Be7 20. Nf5 O-O 21. Nxh6+ Kh7 22. Nf5 Rfc8 23. Rd4 exf5 24. Rxd5 Qe6 25. f4 Rc4 26. b3 Rc6 27. Rd3 Rac8 28. Bf2 Rc2 29. Qe3 Rxa2 30. Qh3+ Kg8 31. Rg3 Rac2 32. Rgd3 a5 33. Bh4 Bc5+ 0-1

[Event "RUS-ch Blitz Men 2018"]
[Site "Sochi"]
[Date "2018.10.07"]
[Round "4"]
[White "Jary, Sergey"]
[Black "Drygalov, Sergey"]
[Result "0-1"]
[WhiteElo "2286"]
[BlackElo "2446"]
[Annotator "NA"]
[PlyCount "72"]
[EventDate "2018.10.07"]
[EventType "swiss"]
[EventCountry "RUS"]
[SourceTitle "playchess.com"]
[Source "ChessBase"]
[SourceQuality "1"]

1. Nf3 d5 2. d4 Nf6 3. g3 g6 4. c4 c6 5. cxd5 cxd5 6. Bg2 Bg7 7. O-O O-O 8. Nc3 Nc6 9. Bf4 e6 10. Rc1 a6 11. a3 h6 12. Ne5 Bd7 13. Nxc6 Bxc6 14. Be5 Re8 15. Qd2 Bf8 16. Bxf6 Qxf6 17. e4 dxe4 18. Bxe4 Bg7 19. Bxc6 bxc6 20. Na4 Red8 21. Rxc6 Rxd4 22. Qc2 Rad8 23. Rc8 Kh7 24. Rxd8 Qxd8 25. b4 h5 26. Nc5 h4 27. Qe2 Qd5 28. Re1 a5 29. Qf1 axb4 30. axb4 Rxb4 31. Nd3 Rd4 32. Nf4 Qf5 33. Ne2 Rd2 34. Rd1 Rb2 35. Nd4 Qe4 36. gxh4 Bxd4 0-1

[Event "RUS-ch Blitz Men 2018"]
[Site "Sochi"]
[Date "2018.10.07"]
[Round "5"]
[White "Matlakov, Maxim"]
[Black "Apryshko, Gleb"]
[Result "1/2-1/2"]
[WhiteElo "2683"]
[BlackElo "2399"]
[Annotator "TA"]
[PlyCount "114"]
[EventDate "2018.10.07"]
[EventType "swiss"]
[EventCountry "RUS"]
[SourceTitle "playchess.com"]
[Source "ChessBase"]
[SourceQuality "1"]

1. d4 g6 2. e4 Bg7 3. Nc3 d6 4. Be3 a6 5. Nf3 Nd7 6. Qd2 b5 7. Bd3 Bb7 8. a4 b4 9. Ne2 c5 10. c3 bxc3 11. bxc3 cxd4 12. cxd4 Nc5 13. Ng3 Nxd3+ 14. Qxd3 a5 15. Qb5+ Qd7 16. Qxd7+ Kxd7 17. Rb1 Bc6 18. d5 Bxa4 19. Kd2 Rc8 20. Rb7+ Rc7 21. Rhb1 Nf6 22. Rxc7+ Kxc7 23. Bb6+ Kd7 24. Bxa5 Ra8 25. Bc3 Bh6+ 26. Kd3 Ng4 27. Bd4 Rc8 28. Rb7+ Ke8 29. h3 Bc2+ 30. Ke2 Nf6 31. Bxf6 exf6 32. Nd4 Bf4 33. Nc6 Kf8 34. Kf3 Bxg3 35. fxg3 Re8 36. Rb4 f5 37. exf5 Bxf5 38. g4 Bc2 39. Rf4 Kg7 40. Nd4 Bd1+ 41. Kf2 Re5 42. Nb5 Rxd5 43. Nc3 Rd3 44. Ne4 h6 45. g5 hxg5 46. Nxg5 f5 47. g4 Bb3 48. gxf5 gxf5 49. Rxf5 Kg6 50. Ra5 d5 51. Nf3 Rc3 52. Ra3 Rc2+ 53. Kg3 Bc4 54. Kf4 Re2 55. Ne5+ Kh5 56. Nxc4 dxc4 57. Rc3 Kh4 1/2-1/2

[Event "RUS-ch Blitz Men 2018"]
[Site "Sochi"]
[Date "2018.10.07"]
[Round "5"]
[White "Morozevich, Alexander"]
[Black "Kozionov, Kirill"]
[Result "0-1"]
[WhiteElo "2656"]
[BlackElo "2458"]
[Annotator "TA"]
[PlyCount "55"]
[EventDate "2018.10.07"]
[EventType "swiss"]
[EventCountry "RUS"]
[SourceTitle "playchess.com"]
[Source "ChessBase"]
[SourceQuality "1"]

1. e4 c5 2. Nf3 d6 3. Bc4 Nf6 4. d3 Nc6 5. c3 a6 6. Bb3 g6 7. O-O Bg7 8. h3 O-O 9. Re1 e5 10. Be3 b6 11. Nbd2 Nh5 12. a4 Kh8 13. Nc4 Bb7 14. Bg5 f6 15. Bh4 Nf4 16. Ne3 Na5 17. Ba2 d5 18. exd5 Nxd5 19. Nxd5 Bxd5 20. Bxd5 Qxd5 21. Qe2 Rad8 22. Rad1 Nc6 23. d4 cxd4 24. Qxa6 d3 25. Nd2 g5 26. Bg3 Rfe8 27. f3 e4 28. Bf2 0-1

[Event "RUS-ch Blitz Men 2018"]
[Site "Sochi"]
[Date "2018.10.07"]
[Round "5"]
[White "Sjugirov, Sanan"]
[Black "Sarana, Alexey"]
[Result "1-0"]
[WhiteElo "2654"]
[BlackElo "2641"]
[Annotator "TA"]
[PlyCount "137"]
[EventDate "2018.10.07"]
[EventType "swiss"]
[EventCountry "RUS"]
[SourceTitle "playchess.com"]
[Source "ChessBase"]
[SourceQuality "1"]

1. e4 c5 2. Nf3 d6 3. d4 cxd4 4. Nxd4 Nf6 5. Nc3 a6 6. Be3 e5 7. Nf3 Be7 8. Bc4 O-O 9. O-O Be6 10. Bb3 Nc6 11. Qe2 Rc8 12. Rfd1 Qc7 13. Bg5 Na5 14. Bxf6 Bxf6 15. Nd5 Bxd5 16. Rxd5 Nxb3 17. cxb3 b5 18. Rad1 Rfd8 19. g3 Be7 20. h4 g6 21. Ne1 Qb6 22. Ng2 Bf8 23. Ne3 Bh6 24. Ng4 Bg7 25. h5 Qc7 26. R5d3 Qc6 27. Rc3 Qd7 28. h6 Bh8 29. Ne3 Rxc3 30. bxc3 Bf6 31. Nd5 Bg5 32. Kg2 Qe6 33. Rh1 f5 34. c4 bxc4 35. Qxc4 fxe4 36. Nf6+ Kf7 37. Nxe4 Be7 38. Qxa6 d5 39. Qxe6+ Kxe6 40. Nd2 Rc8 41. Nf3 Bf6 42. Re1 e4 43. Re2 Kd6 44. Nd2 Bg5 45. Nf1 Bxh6 46. a4 Rc3 47. Rb2 Bc1 48. Rb1 d4 49. a5 Kc6 50. b4 Kb5 51. Ra1 Ka6 52. b5+ Ka7 53. a6 Rc8 54. b6+ Kxb6 55. a7 Kb7 56. a8=Q+ Rxa8 57. Rxc1 Ra2 58. Kg1 Re2 59. Rc4 d3 60. Ne3 d2 61. Rd4 Kc6 62. Kf1 Re1+ 63. Kg2 Re2 64. Nf1 e3 65. Nxe3 Kc5 66. Rd8 Kb4 67. Kf3 Re1 68. Rxd2 Rh1 69. Rc2 1-0

[Event "RUS-ch Blitz Men 2018"]
[Site "Sochi"]
[Date "2018.10.07"]
[Round "5"]
[White "Paravyan, David"]
[Black "Lobanov, Sergei"]
[Result "0-1"]
[WhiteElo "2629"]
[BlackElo "2539"]
[Annotator "TA"]
[PlyCount "68"]
[EventDate "2018.10.07"]
[EventType "swiss"]
[EventCountry "RUS"]
[SourceTitle "playchess.com"]
[Source "ChessBase"]
[SourceQuality "1"]

1. e4 c6 2. Nc3 d5 3. Nf3 Bg4 4. h3 Bxf3 5. Qxf3 e6 6. Be2 Nd7 7. O-O g6 8. d4 Bg7 9. Qd3 Ne7 10. Be3 O-O 11. Rad1 Qc7 12. Qd2 Rad8 13. Qc1 dxe4 14. Nxe4 Nd5 15. Bg5 f6 16. Bh4 Qf4 17. Qxf4 Nxf4 18. Bc4 Nb6 19. Bb3 Rxd4 20. Kh2 Rxe4 21. Bg3 Nfd5 22. a4 a5 23. Bd6 Rd8 24. Bc5 Nd7 25. f3 Re2 26. Bf2 Kf7 27. Kg1 Bh6 28. Rd3 Be3 29. Bxd5 Bxf2+ 30. Rxf2 Re1+ 31. Kh2 exd5 32. Rb3 Nc5 33. Rb6 Rd7 34. b3 Ke7 0-1

[Event "RUS-ch Blitz Men 2018"]
[Site "Sochi"]
[Date "2018.10.07"]
[Round "5"]
[White "Ponkratov, Pavel"]
[Black "Lugovskoy, Maxim"]
[Result "1-0"]
[WhiteElo "2628"]
[BlackElo "2428"]
[Annotator "TA"]
[PlyCount "95"]
[EventDate "2018.10.07"]
[EventType "swiss"]
[EventCountry "RUS"]
[SourceTitle "playchess.com"]
[Source "ChessBase"]
[SourceQuality "1"]

1. e4 e6 2. d4 d5 3. Bd3 Nc6 4. Nf3 Nb4 5. e5 Nxd3+ 6. Qxd3 c5 7. dxc5 Ne7 8. O-O Nc6 9. Be3 Qc7 10. Nc3 a6 11. Na4 Be7 12. Rfe1 Bd7 13. Nb6 Rd8 14. c3 O-O 15. Bd4 Na5 16. Nxd7 Rxd7 17. b4 Nc4 18. Nd2 Nxd2 19. Qxd2 Qc6 20. a4 g6 21. a5 Qb5 22. Qd1 Rc8 23. Re3 Rf8 24. Qg4 Qc4 25. Rae1 Rc8 26. Qf4 Bf8 27. Rh3 Bg7 28. Qh4 h5 29. g4 hxg4 30. Qxg4 Qa2 31. Rhe3 Bh6 32. Rh3 Bg7 33. Rg3 Qd2 34. Ree3 Bh6 35. Ref3 Qc2 36. h4 Qe4 37. h5 Qxg4 38. Rxg4 g5 39. Be3 Kh7 40. Bxg5 Rg8 41. Rfg3 d4 42. Bxh6 Rxg4 43. Rxg4 Kxh6 44. Rxd4 Rc7 45. Kg2 Kxh5 46. Kf3 Kg5 47. Ke4 Kg4 48. Rd8 1-0

[Event "RUS-ch Blitz Men 2018"]
[Site "Sochi"]
[Date "2018.10.07"]
[Round "5"]
[White "Grachev, Boris"]
[Black "Mikhailovsky, Vladimir"]
[Result "0-1"]
[WhiteElo "2626"]
[BlackElo "2185"]
[Annotator "TA"]
[PlyCount "146"]
[EventDate "2018.10.07"]
[EventType "swiss"]
[EventCountry "RUS"]
[SourceTitle "playchess.com"]
[Source "ChessBase"]
[SourceQuality "1"]

1. d4 Nc6 2. Nf3 d6 3. Bf4 g6 4. h3 Bg7 5. e3 Nf6 6. Be2 O-O 7. O-O Nd7 8. Bh2 e5 9. c4 exd4 10. exd4 Re8 11. Nc3 Nf6 12. Bd3 a6 13. a3 d5 14. Ne5 Nxd4 15. Bxg6 hxg6 16. Qxd4 dxc4 17. Qxc4 Be6 18. Qb4 Nd5 19. Nxd5 Bxd5 20. Ng4 Qe7 21. Qd2 Rad8 22. Rae1 Qd7 23. Rxe8+ Rxe8 24. Rd1 c6 25. Ne3 Rd8 26. Qb4 Qc8 27. Bg3 Rd7 28. Nxd5 Rxd5 29. Re1 Bf6 30. Re2 Qd7 31. Qe4 Kg7 32. b4 Rd3 33. a4 Rd4 34. Qe3 Rxb4 35. Be5 Qf5 36. Qc3 Rb1+ 37. Kh2 Bxe5+ 38. Qxe5+ Qxe5+ 39. Rxe5 Rb4 40. Re7 Kf6 41. Rc7 Ke6 42. a5 Rb5 43. h4 f5 44. g3 Kd6 45. Rg7 Rxa5 46. Rxg6+ Ke5 47. h5 Rd5 48. h6 Rd8 49. f4+ Ke4 50. Kh3 c5 51. Kh4 c4 52. Re6+ Kd3 53. h7 Rh8 54. Re7 b5 55. Kg5 c3 56. Kxf5 c2 57. Rd7+ Ke2 58. Rc7 Kd2 59. Rd7+ Ke2 60. Rc7 Kd3 61. Rd7+ Kc3 62. Rc7+ Kb2 63. Kg6 c1=Q 64. Rxc1 Kxc1 65. Kg7 Rxh7+ 66. Kxh7 b4 67. f5 b3 68. f6 b2 69. f7 b1=Q+ 70. Kh6 Qf5 71. Kg7 Qg5+ 72. Kh7 Qf6 73. Kg8 Qg6+ 0-1

[Event "RUS-ch Blitz Men 2018"]
[Site "Sochi"]
[Date "2018.10.07"]
[Round "5"]
[White "Oparin, Grigoriy"]
[Black "Yashmetov, Mikhail"]
[Result "1-0"]
[WhiteElo "2624"]
[BlackElo "2394"]
[Annotator "TA"]
[PlyCount "133"]
[EventDate "2018.10.07"]
[EventType "swiss"]
[EventCountry "RUS"]
[SourceTitle "playchess.com"]
[Source "ChessBase"]
[SourceQuality "1"]

1. Nf3 Nf6 2. c4 g6 3. g3 Bg7 4. Bg2 O-O 5. Nc3 d5 6. cxd5 Nxd5 7. h4 h6 8. O-O Nb6 9. d4 Nc6 10. d5 Na5 11. e4 c6 12. Re1 cxd5 13. exd5 Bg4 14. Qd3 Nac4 15. Nd4 Rc8 16. a4 Ne5 17. Rxe5 Bxe5 18. Bxh6 Bg7 19. Bxg7 Kxg7 20. Re1 Qd7 21. Qe4 Nc4 22. b3 Nd6 23. Qe5+ f6 24. Qxe7+ Qxe7 25. Rxe7+ Rf7 26. Re3 Rfc7 27. Nce2 Re8 28. Ne6+ Bxe6 29. dxe6 Nf5 30. Re4 Nd6 31. Re3 Nf5 32. Re4 Nd6 33. Rg4 f5 34. Rg5 Nf7 35. exf7 Rxe2 36. h5 Kxf7 37. Bd5+ Kg7 38. Rxg6+ Kh7 39. Bg8+ Kh8 40. Bc4 Re5 41. h6 Re8 42. Rf6 a6 43. Rxf5 Kh7 44. Rf6 Rd8 45. Be6 Rc3 46. Bf5+ Kh8 47. Rb6 Rf8 48. Be4 Rc7 49. Kg2 Re7 50. f3 Rd8 51. g4 Rf7 52. Kg3 Rc7 53. g5 Rf8 54. Kg4 Rc1 55. Kh5 Rg8 56. Kg4 Rg1+ 57. Kf5 R1xg5+ 58. Kf4 Rg1 59. Rxb7 Rf8+ 60. Ke3 Re1+ 61. Kd2 Rh1 62. h7 Rh6 63. Rd7 a5 64. Rd5 Rb6 65. Rb5 Rfb8 66. Bd3 Rd6 67. Rxb8+ 1-0

[Event "RUS-ch Blitz Men 2018"]
[Site "Sochi"]
[Date "2018.10.07"]
[Round "5"]
[White "Alekseev, Evgeny"]
[Black "Gogolev, Artem"]
[Result "0-1"]
[WhiteElo "2620"]
[BlackElo "2389"]
[Annotator "TA"]
[PlyCount "58"]
[EventDate "2018.10.07"]
[EventType "swiss"]
[EventCountry "RUS"]
[SourceTitle "playchess.com"]
[Source "ChessBase"]
[SourceQuality "1"]

1. e4 c5 2. Nf3 Nf6 3. Nc3 d5 4. Bb5+ Bd7 5. e5 Bxb5 6. Nxb5 a6 7. Nc3 d4 8. Na4 Nfd7 9. e6 fxe6 10. b3 Qc7 11. O-O Nc6 12. Ng5 e5 13. Qf3 O-O-O 14. Nf7 Rg8 15. Nxd8 Nxd8 16. c3 g5 17. cxd4 g4 18. Qf5 exd4 19. Ba3 e6 20. Qxh7 Rg7 21. Qh5 Bd6 22. g3 Ne5 23. h4 Rh7 24. Qe8 Nf3+ 25. Kg2 Re7 26. Qh5 Qc6 27. Kh1 Nxd2+ 28. f3 Nxf3 29. Rf2 Bxg3 0-1

[Event "RUS-ch Blitz Men 2018"]
[Site "Sochi"]
[Date "2018.10.07"]
[Round "5"]
[White "Kobalia, Mikhail"]
[Black "Sergeyev, Alexander"]
[Result "1-0"]
[WhiteElo "2620"]
[BlackElo "2397"]
[Annotator "TA"]
[PlyCount "64"]
[EventDate "2018.10.07"]
[EventType "swiss"]
[EventCountry "RUS"]
[SourceTitle "playchess.com"]
[Source "ChessBase"]
[SourceQuality "1"]

1. e4 e5 2. Nf3 Nf6 3. Nxe5 d6 4. Nf3 Nxe4 5. d4 d5 6. Bd3 Nc6 7. O-O Be7 8. c4 Nf6 9. Nc3 Be6 10. c5 Bg4 11. Be3 O-O 12. h3 Bh5 13. g4 Bg6 14. Bxg6 hxg6 15. Rc1 Ne4 16. Qb3 Na5 17. Qa4 b6 18. Ne5 Bf6 19. Nxe4 dxe4 20. b4 Nb7 21. Qc6 Bxe5 22. dxe5 Qb8 23. Qxe4 Nd8 24. f4 Re8 25. f5 gxf5 26. gxf5 bxc5 27. Rxc5 c6 28. Bf4 a5 29. b5 Qb6 30. Be3 Rc8 31. e6 Qb8 32. Qg4 cxb5 1-0